000 00719 a2200193 4500
999 _c7425
_d7425
020 _a0618214631
050 0 0 _aD21. BUL 2003
100 _aBulliet, Richard
_eauthor
245 0 4 _aThe earth and its peoples :
_ba global history /
_cRichard W. Bulliet ... [et al.].
250 _a2nd ed.
264 _aBoston:
_bHoughton mufflin.,
_c2003
300 _a1 v. (various pagings) :
_bill. (chiefly col.), col. maps ;
500 _aIncludes bibliographical references and index.
504 _aIncludes bibliographical references and index.
650 0 _aWorld history.
700 1 _aBulliet, Richard W.
942 _2lcc
_cBK
_h21
_iBUL
_kD